[Event "Schleswig Holstein-ch U16 VM"]
[Site "Neumuenster"]
[Date "2008.03.26"]
[Round "4"]
[White "Nolte, Oskar Kaan"]
[Black "Rohde, Patrick"]
[Result "0-1"]
[WhiteElo "1386"]
[BlackElo "1538"]
[PlyCount "60"]
[EventDate "2008.03.24"]
[EventType "swiss"]
[EventRounds "9"]
[EventCountry "GER"]
[SourceTitle "EXT 2009"]
[Source "ChessBase"]
[SourceDate "2008.11.26"]
[SourceVersion "1"]
[SourceVersionDate "2008.11.26"]
[SourceQuality "1"]

1. e4 c5 2. Nf3 d6 3. d4 cxd4 4. Nxd4 Nf6 5. Nc3 a6 6. Be3 e5 7. Nb3 Be6 8. f3 Be7 9. g4 Nc6 10. Qd2 Nd7 11. 0-0-0 Na5 12. Kb1 Nxb3 13. cxb3 Qa5 14. Nd5 Qxd2 15. Nc7+ Kd8 16. Nxe6+ fxe6 17. Rxd2 Rf8 18. Be2 Rc8 19. Rf1 b5 20. a4 Rb8 21. h4 Nf6 22. Rc1 Kd7 23. Rdc2 Rb7 24. Rc6 Ra8 25. Rxa6 Rxa6 26. Bxb5+ Rxb5 27. axb5 Ra8 28. Rc4 Rb8 29. b6 Bd8 30. Rb4 Kc6 0-1

[Event "Schleswig Holstein-ch U16 VM"]
[Site "Neumuenster"]
[Date "2008.03.25"]
[Round "3"]
[White "Martens, Jan Malte"]
[Black "Nolte, Oskar Kaan"]
[Result "1/2-1/2"]
[WhiteElo "810"]
[BlackElo "1386"]
[PlyCount "27"]
[EventDate "2008.03.24"]
[EventType "swiss"]
[EventRounds "9"]
[EventCountry "GER"]
[SourceTitle "EXT 2009"]
[Source "ChessBase"]
[SourceDate "2008.11.26"]
[SourceVersion "1"]
[SourceVersionDate "2008.11.26"]
[SourceQuality "1"]

1. e4 c5 2. d4 cxd4 3. c3 dxc3 4. Nxc3 Nc6 5. Bc4 e6 6. Bf4 Bb4 7. Nge2 Nf6 8. a3 Bxc3+ 9. Nxc3 Qa5 10. 0-0 a6 11. Re1 0-0 12. e5 Ne8 13. Bd3 Ne7 14. Qh5 1/2-1/2